A-Z : Top Artists by monthly listeners on Spotify - Statistics

General Stats
  • This quiz has been taken 62 times
    38 since last reset
  • The average score is 16 of 26
Answer Stats
Letter A Song Artist % Correct
A 7 rings Ariana Grande
97%
E Shape of You Ed Sheeran
94%
H Watermelon Sugar Harry Styles
91%
W Blinding Lights The Weeknd
91%
J Sorry Justin Bieber
88%
O Drivers License Olivia Rodrigo
88%
C Viva La Vida Coldplay
85%
T Blank Space Taylor Swift
85%
I Believer Imagine Dragons
82%
Q Bohemian Rhapsody Queen
82%
R Diamonds Rihanna
82%
K Heartless Kanye West
73%
D Passionfruit Drake
70%
L Young And Beautiful Lana Del Rey
70%
S Chandelier Sia
70%
X Jocelyn Flores XXXTENTACION
61%
N Super Freaky Girl Nicki Minaj
55%
P Congratulations Post Malone
48%
B Efecto Bad Bunny
42%
U My Boo Usher
42%
F Mask Off Future
39%
G pushin P Gunna
27%
Y Pick Up The Phone Young Thug
27%
Z Something in the Orange Zach Bryan
21%
M Silence Marshmello
12%
V Ghungroo Vishal-Shekhar
6%
No matching quizzes found
Score Distribution
Percent of People with Each Score
Percentile by Number Answered
Your Score History
You have not taken this quiz since the last reset